| 000 | 00755cam a22002531 4500 | ||
|---|---|---|---|
| 001 | 4382 | ||
| 003 | BD-RjUL | ||
| 005 | 20211208233901.0 | ||
| 008 | 131222s1967 nyu b 001 0 eng d | ||
| 035 | _a(BD-RjUL)4417 | ||
| 040 |
_aDLC _cDLC _dDLC _dBD-RjUL _beng |
||
| 041 | _aeng | ||
| 082 | 0 | 0 |
_a320.942 _bLOB 1967 |
| 100 | 1 |
_aLoewenstein, Karl, _d1891-1973. _913848 |
|
| 245 | 1 | 0 |
_aBritish Cabinet government / _cKarl Loewenstein, |
| 260 |
_aNew York, _bOxford University Press, _cc1967. |
||
| 300 |
_axv, 207 p. : _c20 cm. |
||
| 504 | _aBibliography: p. 195-197. | ||
| 650 | 0 |
_aCabinet system _zGreat Britain. _913849 |
|
| 651 | 0 |
_aGreat Britain _xPolitics and government. _913850 |
|
| 942 |
_2ddc _cBK |
||
| 999 |
_c4382 _d4382 |
||